| 000 | 00542nam a22002057a 4500 | ||
|---|---|---|---|
| 003 | OSt | ||
| 005 | 20140310183125.0 | ||
| 008 | 130528t xxu||||| |||| 00| 0 eng d | ||
| 020 | _a9789712726248 | ||
| 050 |
_aDS 686.616 _b.St839 2012 |
||
| 082 |
_aFIL 959.97052 _bS869 2012 |
||
| 245 |
_aNur Misuari: An Authorized Biography _cStern, Tom |
||
| 260 |
_aManila _bAnvil Publishing Inc. _cc2012 |
||
| 300 | _a229 p. | ||
| 521 | _acollege students | ||
| 526 | _c1210L-1700L | ||
| 541 | _j1 | ||
| 562 | _e1 | ||
| 942 |
_2lcc _cBK _kFIL |
||
| 999 |
_c19004 _d19004 |
||